000 004700000a22001930004500
001 004616
003 MACL
005 20150929125054.0
008 150929b xxu||||| |||| 00| 0 eng d
040 _aMACL
_cMACL
041 _aEnglish
082 _a894.81/SEL
100 _aT. Janakiraman,
_912683
245 _aShakti Vaithiyam
_cT. Janakiraman
260 _aChennai
_c2003
_bSahitya Akademi,
350 _a140
650 _aLiterature
_912684
942 _k895
_cBK
_2ddc
999 _c16503
_d16503